1089 1889 1954 1016 1272 1659 1326 1788 1070 1642 1743 1862 1135 1809 1346 1944 1450 1080 1054 1871 1590 1334 1860 1083 1894 1079 1041 1541 1041 1611 1375 1823 1387 1228 1999 1768 1628 1505 1224 1418 1313 1754 1439 1533 1645 1868 1699 1845 1593 1527 1172 1180 1397 1289 1273 1739 1205 1943 1788 1124 1619 1453 1683 1404 1372 1867 1226 1345 1732 1244 1341 1593 1475 1190 1009 1695 1307 1947 1446 1264 1281 1362 1178 1130 1342 1916 1357 1230 1042 1094 1736 1681 1938 1031 1977 1201 1427 1765 1271 BCNSPRNW ULIB Ver.6.0+V

เปลี่ยนเป็นภาษาไทย

Change to English
 แสดงรายละเอียดบรรณานุกรม
  กลับหน้าหลัก

Brief Record : Get Marc (ISO 2709) : E-mail record : QR code < ปิดหน้าต่าง
LEADER : 00000nam 2200000uu 4500
001    13399123715
003     ULIB
008    141119s2555||||th 000 0 tha d
020    ^a9786167707082
060 04 ^aWV220^bร921
110 1  ^aมหาวิทยาลัยสงขลานครินทร์. ^bคณะแพทยศาสตร์. ^bหน่วยผลิตตำรา
245 00 ^aโรคของหูชั้นนอก =^bExternal ear /^cวันดี ไข่มุกด์, บรรณาธิการ
246 31 ^aExternal ear.
250    ^aพิมพ์ครั้งที่ 1
260    ^aสงขลา :^bหน่วยผลิตตำราคณะแพทยศาสตร์ มหาวิทยาลัยสงขลานครินทร์,^c2555.
300    ^a230 หน้า :^bภาพประกอบ
650  4 ^aหูชั้นนอก,โรค^xการรักษา ;^c27 ซม.
650  4 ^aหูชั้นนอก,โรค^xการวินิจฉัย
650  4 ^aหูชั้นนอก
700 0  ^aวันดี ไข่มุกด์,^eบรรณาธิการ
945    ^p550^l0^i21723
945    ^p550^l0^i21724
945    ^p550^l0^i21725
999    ^aทศพร เกษรทอง
รายการนี้ยังไม่มีแท็ก
คุณยังไม่ได้ล็อกอิน คุณสามารถมีกิจกรรมร่วมกับเว็บไซต์ได้ แต่ต้องล็อกอินก่อน ::
  ล็อกอิน

รายการสื่อสารสนเทศ

ลำดับที่ ประเภท เลขเรียก/บาร์โค้ด สถานที่ สถานะ
1. วิทยาศาสตร์การแพทย์ และสุขภาพ
หนังสือสำรอง
สถานะ=หนังสือสำรอง
WV220 ร921 ฉ.1 
  Barcode: 21723
ห้องสมุดวิทยาเขตนครสวรรค์
►ส่วนจัดเก็บหนังสือเก่า นว.
บนชั้น
  ขอยืม
2. วิทยาศาสตร์การแพทย์ และสุขภาพ
วิทยาศาสตร์การแพทย์ และสุขภาพ
WV220 ร921 ฉ.2 
  Barcode: 21724
ห้องสมุดวิทยาเขตนครสวรรค์
►ส่วนจัดเก็บหนังสือเก่า นว.
บนชั้น
  ขอยืม
3. วิทยาศาสตร์การแพทย์ และสุขภาพ
วิทยาศาสตร์การแพทย์ และสุขภาพ
WV220 ร921 ฉ.3 
  Barcode: 21725
ห้องสมุดวิทยาเขตนครสวรรค์
►ส่วนจัดเก็บหนังสือเก่า นว.
บนชั้น
  ขอยืม

รายการใกล้เคียง
    หัวเรื่อง [หูชั้นนอก]

BibComment


ยังไม่เคยถูกคอมเมนท์

คอมเมนท์ทรัพยากรรายการนี้
  คอมเมนท์: โรคของหูชั้นนอก ..


 Copyright 2026. Bcnsprnw @Library